Modern financial accounting : (Record no. 32332)

000 -LEADER
fixed length control field 00561nam a22001817a 4500
008 - FIXED-LENGTH DATA ELEMENTS--GENERAL INFORMATION
fixed length control field 251120b |||||||| |||| 00| 0 eng d
020 ## - INTERNATIONAL STANDARD BOOK NUMBER
International Standard Book Number 044230645
040 ## - CATALOGING SOURCE
Original cataloging agency MksU
050 ## - LIBRARY OF CONGRESS CALL NUMBER
Classification number HF5635
Item number .L3875 1983
100 ## - MAIN ENTRY--PERSONAL NAME
Personal name Lee, G. A,
245 ## - TITLE STATEMENT
Title Modern financial accounting :
Remainder of title with supplement on the Companies Act 1981 /
Statement of responsibility, etc. G. A. Lee.
250 ## - EDITION STATEMENT
Edition statement 3rd ed.
260 ## - PUBLICATION, DISTRIBUTION, ETC. (IMPRINT)
Place of publication, distribution, etc. Wokingham :
Name of publisher, distributor, etc. Berks,
Date of publication, distribution, etc. 1983.
300 ## - PHYSICAL DESCRIPTION
Extent ix, 576 p. ;
Dimensions 23 cm.
500 ## - GENERAL NOTE
General note Includes indexes.
650 ## - SUBJECT ADDED ENTRY--TOPICAL TERM
Topical term or geographic name as entry element Accounting.
942 ## - ADDED ENTRY ELEMENTS (KOHA)
Source of classification or shelving scheme
Koha item type Hard Covered Materials
Classification part HF5635 .L3875 1983
Holdings
Withdrawn status Lost status Source of classification or shelving scheme Damaged status Not for loan Home library Current library Shelving location Date acquired Source of acquisition Total Checkouts Full call number Barcode Date last seen Price effective from Koha item type
          MACHAKOS UNIVERSITY LIBRARY MACHAKOS UNIVERSITY LIBRARY Open shelf 25/09/2025 Donation   HF5635 .L3875 1983 40273 20/11/2025 20/11/2025 Hard Covered Materials
© Machakos University Library, Along The Highway, Machakos Wote Rd, Machakos, Kenya P.O. Box 136 - 90100 Machakos - Kenya

Tel: ( +254 ) 723 805829 OR Fax : 044-20353 OR Email: library@mksu.ac.ke